Biblioteca y Centro de Documentación

La quinta revolución industrial (Registro nro. 51500)

Detalles MARC
000 -CABECERA
Longitud fija campo de control 01452nam a2200397 i 4500
001 - NÚMERO DE CONTROL
Número de control 51500
003 - IDENTIFICADOR DE NÚMERO DE CONTROL
Identificador del número de control ES-MaCES
005 - FECHA Y HORA DE LA ÚLTIMA TRANSACCIÓN
Fecha y hora de la última transacción 20200820112258.0
008 - CAMPO FIJO DE DESCRIPCIÓN FIJA--INFORMACIÓN GENERAL
Códigos de información de longitud fija   200819s2019 sp | 000 ||spa
017 ## - NÚMERO DE REGISTRO DE DERECHOS DE AUTOR Y DEPÓSITO LEGAL
Número de copyright o de depósito legal B 23357-2019
Agencia que asigna el número DL
020 ## - ISBN (INTERNATIONAL STANDARD BOOK NUMBER)
Número Internacional Normalizado para Libros (ISBN) 9788423430932
040 ## - FUENTE DE CATALOGACIÓN
Centro catalogador de origen ES-MaCES
Lengua de catalogación spa
Centro transcriptor ES-MaCES
100 1# - ENCABEZAMIENTO PRINCIPAL--NOMBRE PERSONAL
9 (RLIN) 39725
Nombre de persona Martínez, Inma
245 13 - MENCIÓN DE TÍTULO
Título La quinta revolución industrial
Resto del título : cómo la comercialización del espacio se convertirá en la mayor expansión industrial del Siglo XXI : [descubre por qué la carrera espacial revolucionará sectores como la aeronáutica, las telecomunicaciones, la minería o la agricultura]
Mención de responsabilidad, etc. Inma Martínez ; trad. por Verónica Puertollano
250 ## - MENCIÓN DE EDICIÓN
Mención de edición 1ª ed
260 ## - PUBLICACIÓN, DISTRIBUCIÓN, ETC (PIE DE IMPRENTA)
Lugar de publicación, distribución, etc. Barcelona
Nombre del editor, distribuidor, etc. Deusto
Fecha de publicación, distribución, etc. 2019
300 ## - DESCRIPCIÓN FÍSICA
Extensión 271 p.
Dimensiones 23 cm
500 ## - NOTA GENERAL
Nota general 2º subtít. tomado de la cub
500 ## - NOTA GENERAL
Nota general Índices
541 ## - NOTA DE LA FUENTE INMEDIANTE DE ADQUISICIÓN
Fuente de adquisición Compra
650 #4 - ASIENTO SECUNDARIO DE MATERIA--TÉRMINO DE MATERIA
9 (RLIN) 29430
Término de materia o nombre geográfico como elemento inicial ciencias del espacio
650 #4 - ASIENTO SECUNDARIO DE MATERIA--TÉRMINO DE MATERIA
9 (RLIN) 30140
Término de materia o nombre geográfico como elemento inicial aeronáutica
650 #4 - ASIENTO SECUNDARIO DE MATERIA--TÉRMINO DE MATERIA
9 (RLIN) 27854
Término de materia o nombre geográfico como elemento inicial industria aeronáutica
650 #4 - ASIENTO SECUNDARIO DE MATERIA--TÉRMINO DE MATERIA
9 (RLIN) 28269
Término de materia o nombre geográfico como elemento inicial comercialización
650 #4 - ASIENTO SECUNDARIO DE MATERIA--TÉRMINO DE MATERIA
9 (RLIN) 27623
Término de materia o nombre geográfico como elemento inicial desarrollo industrial
650 #4 - ASIENTO SECUNDARIO DE MATERIA--TÉRMINO DE MATERIA
9 (RLIN) 28025
Término de materia o nombre geográfico como elemento inicial infraestructura
650 #4 - ASIENTO SECUNDARIO DE MATERIA--TÉRMINO DE MATERIA
9 (RLIN) 27884
Término de materia o nombre geográfico como elemento inicial telecomunicaciones
650 #4 - ASIENTO SECUNDARIO DE MATERIA--TÉRMINO DE MATERIA
9 (RLIN) 27815
Término de materia o nombre geográfico como elemento inicial explotación minera
650 #4 - ASIENTO SECUNDARIO DE MATERIA--TÉRMINO DE MATERIA
9 (RLIN) 27489
Término de materia o nombre geográfico como elemento inicial agricultura
650 #4 - ASIENTO SECUNDARIO DE MATERIA--TÉRMINO DE MATERIA
9 (RLIN) 27286
Término de materia o nombre geográfico como elemento inicial cambio social
650 #4 - ASIENTO SECUNDARIO DE MATERIA--TÉRMINO DE MATERIA
9 (RLIN) 30732
Término de materia o nombre geográfico como elemento inicial evaluación del impacto
653 10 - TÉRMINO DE INDEXACIÓN--NO CONTROLADO
Término no controlado Industria-Energía
700 1# - ENCABEZAMIENTO SECUNDARIO--NOMBRE PERSONAL
9 (RLIN) 39726
Nombre de persona Puertollano, Verónica
Término indicativo de función tr.
902 ## - CES. TIPO DE DOCUMENTO
Tipodoc (006$c Sirtex) LIB Libro
942 ## - ELEMENTOS KOHA
Fuente de clasificaión o esquema Clasificación propia del CES
Koha [por defecto] tipo de item Monografías
Parte de clasificación Políticas Sectoriales
Existencias
Número de registro Signatura completa Tipo de item de Koha
091982 SG-5.2.-164 Monografías
© CES, Consejo Económico y Social de España 2021